Estadísticas para 15 principales países con muertes de Covid-19 - 17 mar 2021

Haz click aquí para intentar la prueba.

Estadísticas generales

  • Esta prueba ha sido intentada 3 veces
  • La puntuación promedio es 17 de 24

Estadísticas de respuestas

país% Correcto
Alemania
100%
Brasil
100%
España
100%
Estados Unidos
100%
Francia
100%
India
100%
Italia
100%
México
100%
Perú
100%
Reino Unido
100%
Rusia
100%
Argentina
67%
Bélgica
67%
Chequia
67%
Colombia
67%
Irán
67%
Portugal
67%
Bosnia y Herzegovina
33%
Bulgaria
33%
Eslovaquia
33%
Eslovenia
33%
Hungría
33%
Macedonia del Norte
33%
Sudáfrica
33%

Distribución de puntuación

Porcentaje por número respondido

Porcentaje de gente con cada puntuación

Historial de tus puntuaciones

No has intentado esta prueba.